000 00761cam a22001814a 4500
005 20250605164354.0
008 250528s ||||||||||||||||||||||||d
035 _a24248
040 _aGR-AtMCL
_bgre
_dGR-AtMCL
_eAACR2
245 1 _aThe State of World Population 1993
260 _c1993
300 _a54
520 _aThe Demographic Background, The Country and the City, International Migration: Numbers and Trends, Senders and Receivers: Costs and Benefits, The Gender Dimension, Refugees and Asylum Seekers - The Development Dimension, Rethinking the Linkages: Policy Responses for the 1990s, Recommendations, Footnotes, Statistics.
710 2 _aUnfpa United Nations Population Fund
_99833
942 _cCR
999 _c9138
_d9138